La delincuencia en la ciudad de San Sebastiǹ Estudio basado en encuestas a la poblacin̤

Detalles Bibliográficos
Autor principal: Gamarra de Baya, Gerardo Antonio
Formato: eBook
Lenguaje:español
Publicado: Madrid : Editorial Acadm̌ica Espaǫla, 2013
Materias:
Acceso en línea:http://www.vlex.com/source/7658

MARC

LEADER 00000nam a22000007a 4500
005 20130426134850.0
007 cr|||| ||||
008 130426e2013 sp |||||s|||| 00||0 spa d
020 |a 9783659067723 
035 |a 7658 
040 |a vLex 
090 |c 4198  |d 4198 
100 1 0 |a Gamarra de Baya, Gerardo Antonio  
245 1 3 |a La delincuencia en la ciudad de San Sebastiǹ  |b Estudio basado en encuestas a la poblacin̤  |c / Gerardo Antonio Gamarra de Baya  |h [Recurso electrn̤ico] 
256 |a Servicio en ln̕ea 
260 |a Madrid :  |b Editorial Acadm̌ica Espaǫla,  |c 2013 
300 |a 1 Recurso electrn̤ico 
506 |d vLex Global  |d vLex Global (Academic Edition, excluding Law Schools)  |d vLex Global (U.S. Academic Edition, Law Schools)  |d vLex Global (U.S. Academic Edition, excluding Law Schools)  |d vLex Global (Academic Edition, Law Schools) 
650 0 4 |a Criminologa̕  |z Espaą 
740 |a vLex Libros (Servicio en ln̕ea) 
856 |a Acceso restringido  |u http://www.vlex.com/source/7658 
942 |c BOOK 
999 0 |a Criminology